Discursos leídos ante la Academia de la Historia, (Record no. 170840)
[ view plain ]
| 000 -LEADER | |
|---|---|
| campo de control de longitud fija | 01395nam a2200181 i 4500 |
| 001 - NÚMERO DE CONTROL | |
| campo de control | 170840 |
| 003 - IDENTIFICADOR DE NÚMERO DE CONTROL | |
| campo de control | ES-MaACL |
| 005 - FECHA Y HORA DE LA ÚLTIMA TRANSACCIÓN | |
| campo de control | 20230906214455.0 |
| 008 - DATOS DE LONGITUD FIJA--INFORMACIÓN GENERAL | |
| campo de control de longitud fija | 090408s19051906sp |||| | spa d |
| 080 ## - NÚMERO DE LA CLASIFICACIÓN DECIMAL UNIVERSAL | |
| Número de la Clasificación Decimal Universal | 94(460) |
| 110 2# - ENTRADA PRINCIPAL--NOMBRE DE ENTIDAD CORPORATIVA | |
| Nombre de entidad corporativa o nombre de jurisdicción como elemento de entrada | Real Academia de la Historia (España) |
| 9 (RLIN) | 6309 |
| 245 10 - MENCIÓN DEL TÍTULO | |
| Título | Discursos leídos ante la Academia de la Historia, |
| Fechas extremas/inclusivas | 1905-1906 / |
| Mención de responsabilidad, etc. | Real Academia de la Historia. |
| 260 ## - PUBLICACIÓN, DISTRIBUCIÓN, ETC. | |
| Lugar de publicación, distribución, etc. | Madrid : |
| Nombre del editor, distribuidor, etc. | [s.n.], |
| Fecha de publicación, distribución, etc. | 1905 ( |
| Fabricante | Imp. del Patronato de Huérfanos de Administración Militar) |
| 300 ## - DESCRIPCIÓN FÍSICA | |
| Extensión | 1 v. ; |
| Dimensiones | 25 cm. |
| 505 0# - NOTA DE CONTENIDO CON FORMATO | |
| Nota de contenido con formato | Pedro de Alvarado, conquistador de Guatemala y de Honduras / Ángel de Altolaguirre y Duvale (122 p.). Dogmas fundamentales y permanentes de la política exterior de España, establecidos por Fernando V de Aragón al constituir la unidad de la monarquía española; Necrología de D. Manuel Danvila y Collado / Juan Pérez de Guzmán y Gallo (46 p., 1 h. de lám.). Contestación / Marqués de Laurencín (p. 47-74). D. Luis de Requesens y la política española en los Países Bajos; Notas biográficas de D. Francisco Silvela y de Le-Vielleuse / Francisco Barado y Font (127 p.). Contestación / Julián Suárez Inclán (p. 129-155). Iberia arqueológica ante-romana / José Ramón Mélida (64 p.). Contestación / Fidel Fita y Colomer (p. 65-84, XXVIII lám.) |
| 651 #4 - PUNTO DE ACCESO ADICIONAL DE MATERIA--NOMBRE GEOGRÁFICO | |
| Nombre geográfico | España- |
| Subdivisión general | Historia. |
| 9 (RLIN) | 8209 |
| 852 ## - LOCALIZACIÓN | |
| Ubicación | ES-MaACL |
| Número de control de estantería | K-130 |
| Nota libre | - Enc. pasta española |
| Estatus retirado | Estado de pérdida | Estado de daño | No para préstamo | Biblioteca de origen | Biblioteca actual | Ubicación en estantería | Fecha de adquisición | Total de préstamos | Signatura topográfica completa | Código de barras | Visto por última vez | Precio de reemplazo | Tipo de ítem Koha |
|---|---|---|---|---|---|---|---|---|---|---|---|---|---|
| Biblioteca del Ateneo de Madrid | Biblioteca del Ateneo de Madrid | Administración | 08/04/2009 | K-130 | 1179295 | 23/02/2023 | 23/02/2023 | Libro impreso |
